| 000 | 00366nam a2200145Ia 4500 | ||
|---|---|---|---|
| 008 | 210210b1985 xxu||||| |||| 00| 0 eng d | ||
| 082 | _a133.3 REDP | ||
| 100 | _aREDDY (V Narayan Karan). | ||
| 245 | _aProblems of futurology. | ||
| 260 |
_aND _bSterling Publishers _c1985 |
||
| 300 | _a186 | ||
| 650 | _aFuture Forecasting | ||
| 690 | _aPhilosophy | ||
| 906 | _a046710 | ||
| 999 |
_c95795 _d95795 |
||